[Event "POL-chT 1st League"]
[Site "Darlowo"]
[Date "2024.09.19"]
[Round "6.23"]
[White "Fraczek, Dariusz"]
[Black "Kowalec, Maciej"]
[Result "0-1"]
[WhiteElo "2000"]
[BlackElo "2109"]
[PlyCount "78"]
[EventDate "2024.09.14"]
[EventType "team-swiss"]
[EventRounds "9"]
[EventCountry "POL"]
[SourceTitle "EXT 2025"]
[Source "ChessBase"]
[SourceDate "2024.10.14"]
[SourceVersion "1"]
[SourceVersionDate "2024.10.14"]
[SourceQuality "1"]

1. Nf3 d6 2. c4 e5 3. Nc3 f5 4. d4 e4 5. Ng1 Nf6 6. Nh3 Be6 7. Nf4 Bf7 8. h4 Nbd7 9. e3 g6 10. Be2 Bg7 11. d5 h6 12. Nb5 g5 13. hxg5 hxg5 14. Rxh8+ Bxh8 15. Nh3 Nh7 16. Bh5 g4 17. Bxf7+ Kxf7 18. Nf4 Ne5 19. Qe2 c5 20. dxc6 bxc6 21. Nd4 Qd7 22. Bd2 Ng5 23. Bc3 c5 24. Nb5 a6 25. Bxe5 Bxe5 26. Nc3 Rh8 27. Kd2 Qb7 28. Kc2 Bxf4 29. exf4 Ne6 30. Qd1 Nd4+ 31. Kc1 Qb4 32. Qf1 Qa5 33. Rb1 Kg7 34. Kd2 Rb8 35. Qh1 Rh8 36. Qf1 Qb4 37. Kc1 a5 38. Nd5 Qa4 39. Nc3 Qc2# 0-1

[Event "POL-chT 1st League"]
[Site "Darlowo"]
[Date "2024.09.18"]
[Round "5.16"]
[White "Fraczek, Dariusz"]
[Black "Spisak, Czeslaw"]
[Result "1/2-1/2"]
[WhiteElo "2000"]
[BlackElo "2352"]
[PlyCount "90"]
[EventDate "2024.09.14"]
[EventType "team-swiss"]
[EventRounds "9"]
[EventCountry "POL"]
[SourceTitle "EXT 2025"]
[Source "ChessBase"]
[SourceDate "2024.10.14"]
[SourceVersion "1"]
[SourceVersionDate "2024.10.14"]
[SourceQuality "1"]

1. d4 Nf6 2. c4 e6 3. Nc3 Bb4 4. e3 c5 5. Nge2 cxd4 6. exd4 0-0 7. a3 Be7 8. g3 d5 9. cxd5 Nxd5 10. Bg2 Nxc3 11. Nxc3 Bf6 12. Be3 Nc6 13. d5 exd5 14. Qxd5 Be6 15. Qxd8 Rfxd8 16. 0-0 Bxc3 17. bxc3 Bd5 18. f3 b6 19. Rfd1 Na5 20. Rxd5 Rxd5 21. f4 Rad8 22. Bxd5 Rxd5 23. Bd4 f6 24. Kf2 Kf7 25. Rb1 Ke6 26. a4 Nc6 27. Re1+ Kd7 28. Be3 Ra5 29. Ra1 b5 30. Rd1+ Kc7 31. axb5 Rxb5 32. Ra1 a5 33. Ra2 h5 34. h3 f5 35. g4 hxg4 36. hxg4 g6 37. Kg3 Kd6 38. gxf5 gxf5 39. c4 Rb3 40. Kf2 Rc3 41. Ra4 Rc2+ 42. Ke1 Rb2 43. Bd2 Kc5 44. Be3+ Kd6 45. Bd2 Kc5 1/2-1/2

[Event "Malopolska-ch"]
[Site "Krakow"]
[Date "2024.05.30"]
[Round "2"]
[White "Fraczek, Dariusz"]
[Black "Sliwicki, Damian"]
[Result "0-1"]
[WhiteElo "2010"]
[BlackElo "2124"]
[PlyCount "60"]
[EventDate "2024.05.30"]
[EventType "swiss"]
[EventRounds "7"]
[EventCountry "POL"]
[SourceTitle "EXT 2025"]
[Source "ChessBase"]
[SourceDate "2024.10.14"]
[SourceVersion "1"]
[SourceVersionDate "2024.10.14"]
[SourceQuality "1"]

1. c4 Nf6 2. g3 c5 3. Bg2 Nc6 4. Nf3 d5 5. cxd5 Nxd5 6. Nc3 g6 7. 0-0 Bg7 8. Nxd5 Qxd5 9. d3 0-0 10. Be3 Bg4 11. Nd4 Qh5 12. Nxc6 bxc6 13. f3 Be6 14. Rc1 c4 15. b3 Qa5 16. bxc4 Qxa2 17. f4 Rfc8 18. Rc2 Qa3 19. Qb1 a5 20. Ra2 Qd6 21. Qb6 a4 22. Bc5 Qd7 23. Kh1 Bh3 24. Rb1 e5 25. Qb7 Qe6 26. f5 Bxf5 27. Rb6 e4 28. g4 exd3 29. gxf5 Qxc4 30. Rxc6 Rcb8 0-1

[Event "Brno op 12th"]
[Site "Brno"]
[Date "2023.11.17"]
[Round "8"]
[White "Fraczek, Dariusz"]
[Black "Brzezina, Pawel"]
[Result "1-0"]
[WhiteElo "2013"]
[BlackElo "1769"]
[PlyCount "81"]
[EventDate "2023.11.11"]
[EventType "swiss"]
[EventRounds "9"]
[EventCountry "CZE"]
[SourceTitle "CBM 217 Extra"]
[Source "ChessBase"]
[SourceDate "2024.01.31"]
[SourceVersion "1"]
[SourceVersionDate "2024.01.31"]
[SourceQuality "1"]

1. d4 Nf6 2. c4 e6 3. Nc3 Bb4 4. e3 b6 5. Nge2 Ba6 6. a3 Be7 7. Nf4 d6 8. Be2 0-0 9. 0-0 d5 10. cxd5 Bxe2 11. Qxe2 exd5 12. b4 Bd6 13. Ncxd5 Nxd5 14. Nxd5 Bxh2+ 15. Kxh2 Qxd5 16. Qf3 Qxf3 17. gxf3 Nd7 18. Bb2 Rac8 19. Rfd1 f5 20. d5 Nf6 21. Rac1 Kf7 22. Rc6 Ke7 23. Kg2 Rfd8 24. e4 Kf7 25. Bxf6 gxf6 26. Kg3 Rd6 27. Rdc1 Rxc6 28. Rxc6 Ke7 29. Kf4 fxe4 30. fxe4 Kd7 31. Rxf6 Rh8 32. Rh6 Rf8+ 33. Ke3 Rf7 34. e5 Rg7 35. b5 Kd8 36. Ke4 Rf7 37. f4 Rg7 38. Rh4 Ke8 39. f5 Rg1 40. f6 Re1+ 41. Kf5 1-0

[Event "FICGS class M 000009 email"]
[Site "FICGS email"]
[Date "2020.10.01"]
[Round "1"]
[White "Fraczek, Dariusz"]
[Black "Germanes, Ramil"]
[Result "1/2-1/2"]
[WhiteElo "2415"]
[BlackElo "2448"]
[PlyCount "57"]
[EventDate "2020.??.??"]
[EventType "tourn (corr)"]
[EventRounds "1"]
[SourceTitle "Corr 2024"]
[Source "ChessBase"]
[SourceDate "2023.10.19"]
[SourceVersion "1"]
[SourceVersionDate "2023.10.19"]
[SourceQuality "1"]

1. Nf3 Nf6 2. c4 c5 3. Nc3 Nc6 4. e3 e6 5. d4 d5 6. cxd5 exd5 7. Bb5 cxd4 8. Nxd4 Bd7 9. 0-0 Bd6 10. Nf3 Bg4 11. h3 Bh5 12. Be2 0-0 13. Nh4 Bxe2 14. Nxe2 Ne4 15. Nf3 Re8 16. b3 Qf6 17. Rb1 Ne5 18. Nh2 Bc5 19. Bb2 Qd6 20. Nd4 Qa6 21. Nhf3 Nxf3+ 22. gxf3 Ng5 23. f4 Nxh3+ 24. Kg2 Nxf4+ 25. exf4 Qg6+ 26. Kh1 Qh6+ 27. Kg2 Qg6+ 28. Kh1 Qh6+ 29. Kg2 1/2-1/2

[Event "FICGS class M 000009 email"]
[Site "FICGS email"]
[Date "2020.10.01"]
[Round "1"]
[White "Fraczek, Dariusz"]
[Black "Wosch, Arkadiusz"]
[Result "1/2-1/2"]
[WhiteElo "2415"]
[BlackElo "2454"]
[PlyCount "54"]
[EventDate "2020.??.??"]
[EventType "tourn (corr)"]
[EventRounds "1"]
[SourceTitle "Corr 2024"]
[Source "ChessBase"]
[SourceDate "2023.10.19"]
[SourceVersion "1"]
[SourceVersionDate "2023.10.19"]
[SourceQuality "1"]

1. Nf3 Nf6 2. c4 g6 3. Nc3 Bg7 4. g3 0-0 5. Bg2 d5 6. cxd5 Nxd5 7. 0-0 c5 8. Nxd5 Qxd5 9. d3 Nc6 10. Be3 Bd7 11. Nd4 Qd6 12. Nxc6 Bxc6 13. Bxc6 Qxc6 14. Rc1 Qe6 15. Rxc5 Qxa2 16. Rb5 b6 17. Qb3 Qxb3 18. Rxb3 Rac8 19. Ra1 Rc7 20. Ra2 Rd8 21. Rb4 f5 22. Rba4 Rdd7 23. Kg2 Bf6 24. h3 Kf7 25. f4 Ke6 26. Kf3 h5 27. b4 Kd5 1/2-1/2

[Event "FICGS class M 000090 email"]
[Site "FICGS email"]
[Date "2020.06.25"]
[Round "1"]
[White "Helmer, Janos"]
[Black "Fraczek, Dariusz"]
[Result "1/2-1/2"]
[WhiteElo "2242"]
[BlackElo "2383"]
[PlyCount "91"]
[EventDate "2020.??.??"]
[EventType "tourn (corr)"]
[EventRounds "6"]
[SourceTitle "Corr 2022"]
[Source "ChessBase"]
[SourceDate "2021.10.24"]
[SourceVersion "1"]
[SourceVersionDate "2021.10.24"]
[SourceQuality "1"]

1. Nf3 Nf6 2. c4 g6 3. Nc3 Bg7 4. d4 0-0 5. e4 d6 6. Be2 e5 7. 0-0 Nc6 8. d5 Ne7 9. Ne1 Nd7 10. Be3 f5 11. f3 f4 12. Bf2 g5 13. Rc1 Ng6 14. c5 Nxc5 15. b4 Na6 16. Nd3 Rf7 17. Nb5 b6 18. Be1 h5 19. Nf2 Nf8 20. Qc2 Bf6 21. Qc6 Bd7 22. Qc4 Rg7 23. Na3 g4 24. Qxa6 g3 25. Nd3 Rg6 26. Qb7 Bg7 27. h3 Rb8 28. Qxc7 Qh4 29. Nf2 gxf2+ 30. Rxf2 Rc8 31. Qxc8 Bxc8 32. Rxc8 Qxh3 33. Rc6 h4 34. Bb5 Qg3 35. Rc3 h3 36. Re2 Qg5 37. Be8 Rh6 38. Rc8 Bf6 39. Bd7 b5 40. Bg4 Bd8 41. gxh3 Rxh3 42. Rg2 Bb6+ 43. Kf1 Rg3 44. Bxg3 fxg3 45. Rxg3 Qd2 46. Be6+ 1/2-1/2

[Event "FICGS class M 000023 email"]
[Site "FICGS email"]
[Date "2020.06.21"]
[Round "1"]
[White "Fraczek, Dariusz"]
[Black "Massimini Gerbino, Massimiliano"]
[Result "1/2-1/2"]
[WhiteElo "2383"]
[BlackElo "2296"]
[PlyCount "86"]
[EventDate "2020.??.??"]
[EventType "tourn (corr)"]
[EventRounds "1"]
[SourceTitle "Corr 2022"]
[Source "ChessBase"]
[SourceDate "2021.10.24"]
[SourceVersion "1"]
[SourceVersionDate "2021.10.24"]
[SourceQuality "1"]

1. d4 Nf6 2. c4 e6 3. Nc3 Bb4 4. f3 d5 5. a3 Bxc3+ 6. bxc3 c5 7. cxd5 Nxd5 8. dxc5 f5 9. Nh3 Qa5 10. Bd2 Nf6 11. c4 Qc7 12. Bc3 Na6 13. c6 Qxc6 14. e3 0-0 15. Nf4 Nc5 16. Be2 b6 17. 0-0 Bb7 18. Ra2 Rad8 19. Qa1 Rf7 20. Rd1 Qc7 21. Rxd8+ Qxd8 22. Rd2 Nfd7 23. Qe1 Qe7 24. h4 Na4 25. Bb4 Nac5 26. Rd1 Bc6 27. h5 Ba4 28. Rd2 Bc6 29. Bd1 Ne5 30. Be2 Ned7 31. Rd1 Ba4 32. Rd4 e5 33. Nd5 Qf8 34. Rd2 h6 35. Bc3 Qe8 36. Qg3 e4 37. Qd6 exf3 38. gxf3 Nf8 39. Qg3 Nh7 40. Qe5 Qd8 41. Qg3 Qe8 42. Qe5 Qd8 43. Qg3 Qe8 1/2-1/2

[Event "POL-chT 2nd League"]
[Site "Jastrzebia Gora"]
[Date "2019.09.11"]
[Round "5.14"]
[White "Magierski, Dariusz"]
[Black "Fraczek, Dariusz"]
[Result "0-1"]
[WhiteElo "1616"]
[BlackElo "2033"]
[PlyCount "88"]
[EventDate "2019.09.07"]
[EventType "team-swiss"]
[EventRounds "9"]
[EventCountry "POL"]
[SourceTitle "EXT 2020"]
[Source "ChessBase"]
[SourceDate "2019.10.17"]
[SourceVersion "1"]
[SourceVersionDate "2019.10.17"]
[SourceQuality "1"]
[WhiteTeam "Plock Stowarzyszenie"]
[BlackTeam "Lublin LKSz"]
[WhiteTeamCountry "POL"]
[BlackTeamCountry "POL"]

1. c4 g6 2. d4 Nf6 3. Nc3 Bg7 4. e4 d6 5. Nf3 0-0 6. h3 Na6 7. Be2 e5 8. Be3 Qe8 9. d5 Nh5 10. Nd2 Nf4 11. Bxf4 exf4 12. Bf3 Bxc3 13. bxc3 Nc5 14. 0-0 Qa4 15. Qb1 b6 16. Bd1 Qe8 17. f3 Qe5 18. Qc2 Qg5 19. Kh1 Re8 20. Nb3 Qh6 21. Nd4 Bd7 22. Nb5 Bxb5 23. cxb5 a5 24. a4 Re5 25. Rf2 Rg5 26. Qd2 Qh4 27. Bc2 Re8 28. Rd1 Ree5 29. c4 Rg3 30. Qe2 Rh5 31. Qf1 Qf6 32. Qe2 Qh4 33. Qf1 Qe7 34. Qe1 Nd7 35. Qd2 Qh4 36. Qe2 Rh6 37. Bb3 Rh5 38. Bc2 Ne5 39. Bb3 Qf6 40. Rc1 Nd7 41. Qb2 Qh4 42. Qd2 Ne5 43. Qe2 Nd3 44. Qxd3 Rxh3+ 0-1

[Event "POL-chT 2nd League"]
[Site "Jastrzebia Gora"]
[Date "2019.09.10"]
[Round "4.5"]
[White "Fudalej, Michal"]
[Black "Fraczek, Dariusz"]
[Result "1-0"]
[WhiteElo "2235"]
[BlackElo "2033"]
[PlyCount "77"]
[EventDate "2019.09.07"]
[EventType "team-swiss"]
[EventRounds "9"]
[EventCountry "POL"]
[SourceTitle "EXT 2020"]
[Source "ChessBase"]
[SourceDate "2019.10.17"]
[SourceVersion "1"]
[SourceVersionDate "2019.10.17"]
[SourceQuality "1"]
[WhiteTeam "Wroclaw Polonia"]
[BlackTeam "Lublin LKSz"]
[WhiteTeamCountry "POL"]
[BlackTeamCountry "POL"]

1. e4 e6 2. d3 d5 3. Qe2 Be7 4. Nf3 Nf6 5. g3 0-0 6. Bg2 c5 7. 0-0 Nc6 8. e5 Nd7 9. c4 d4 10. h4 Rb8 11. Bf4 b5 12. cxb5 Rxb5 13. Na3 Rb8 14. Rfc1 Nb4 15. Ng5 Ba6 16. Be4 h6 17. Nh7 Re8 18. Nf6+ gxf6 19. Qg4+ Kh8 20. Bxh6 Rg8 21. Qh5 Rg6 22. Bf4+ Kg7 23. Bxg6 Qh8 24. exf6+ Nxf6 25. Qe2 Rc8 26. Be4 Nxe4 27. Qxe4 Nxd3 28. Rd1 Nxf4 29. Qxf4 Qh5 30. Rac1 Qd5 31. f3 Bf6 32. b3 Be2 33. Rd2 Qxf3 34. Qxf3 Bxf3 35. Rf1 Bh5 36. Rdf2 d3 37. Rxf6 d2 38. g4 d1Q 39. Rxd1 1-0